000 00900nam a2200265Ia 4500
003 OSt
005 20220925204256.0
006 a|||||r|||| 00| 0
007 ta
008 220923b |||||||| |||| 00| 0 eng d
037 _cGeneral Book
040 _aRTL
_cRTL
_beng
041 _2eng
_aeng
082 _aX425::15107:N2, F9
110 _aInformation on Communications and Transit
_9268009
111 _aLeague of Nations, Communications and Transit Committee
_9268010
245 0 _aMemorandum on the traffic between the Mediterraneam ports and America
260 _aGeneva
_bLeague of Nations
_c1929
300 _a23 p
_ccm.
500 _aLeague of Nation., 1929, VIII, 13
650 _aOceanic Transport Economics
_9231766
700 _aInformation on Communications and Transit
_9268011
942 _hX425::15107:N2, F9
_cGB
_2CC
999 _c548970
_d548970